Представление документа в формате MARC21

Поле Инд. ПП Название Значение
Тип записи a
Библиографический уровень m
001 Контрольный номер 0eb4d4ee-0a5d-4098-9e73-84dcf863affd
005 Дата корректировки 20140703170150.3
008 Кодируемые данные 080930
020 a ISBN 5-8291-0542-X (Акад. Проект)
a ISBN 5-88687-163-2 (Деловая кн.)
c Цена, тираж 60.00
040 a Служба первич. каталог. НБ ТвГУ
041 a Код языка текста rus
080 a Индекс УДК 005.7/.9:303.732(075.8)
084 a Индекс другой классификации/Индекс ББК С84в6я73-1
090 a Полочн. индекс С84в6
x Авторский знак П49
100 1_ a Автор Ползунова Наталья Николаевна
245 10 a Заглавие Исследование систем управления
b Продолж. заглавия учеб. пособие по специальности "Менеджмент организации"
c Ответственность Н. Н. Ползунова, В. Н. Краев ; Владимир. гос. ун-т
250 a Основные сведения об издании 2-е изд.
260 0_ a Место издания Москва
b Издательство Академический Проект
260 0_ a Место издания Екатеринбург
b Издательство Деловая кн.
c Дата издания 2005
300 a Объем 175 с.
b Иллюстрации/ тип воспроизводства ил., табл.
440 a Серия Учебное пособие для вузов
504 a Библиография Библиогр.: с. 173 и в конце разд.
583 a Действие Получение впервые 212 25.09.2008
k Исполнитель действия Дар юридического факультета ТвГУ
650 a Основная рубрика Системы управления
x Основная подрубрика Диагностика
x Основная подрубрика Методы исследования
x Основная подрубрика Учебники для вузов
650 a Основная рубрика Управление
x Основная подрубрика Системный подход
653 a Ключевые слова Диагностика систем управления
a Ключевые слова Исследование систем управления
a Ключевые слова Методы исследования
a Ключевые слова Системы управления
a Ключевые слова Управление
700 1_ a Другие авторы Краев Владимир Николаевич
e Роль лиц авт.
852 t Порядковый номер экземпляра 1
p Инвентарный номер 919183
863 t 00232045
888 a Бесплатные
930 a Новая/Ретро учебники
952 p 212.2008 60.00 1 919183
c Вид литературы К ру
954 a Дата поступления на обработку 20081001
999 a Подразделение 2 Фил1